000 00810nam a2200205Ii 4500
003 JO-AjNU
008 230605s9999||||xx |||||||||||||| ||und||
017 _a2009/2/58
040 _aJO-AjNU
_bara
_erda
_cJO-AjNU
041 _aara
050 1 4 _aHB172.5.D38.2009
100 3 _aداود، حسام الدين علي,
_eauthor
_950165
245 0 0 _aالمبادىء الحديثة في الاقتصاد الكلي مع التطبيق على الاقتصاد الاردني
264 3 1 _aعمان:المؤلف،2009
300 _a356ص
336 _atext
_btxt
_2rdacontent
337 _aunmediated
_bn
_2rdamedia
338 _avolume
_bnc
_2rdacarrier
650 4 _aالاقتصاد الكلي-حسابات الدخل القومي-النقود والبنوك-التضخم والبطالة-الاردن
_950166
999 _aA22081
_c25649
_d25649